00620nam a22001937a 450000500170000001000130001702000250003003500130005503700160006804000120008408200160009610000180011224500440013026000590017427000820023330000360031565000600035170000150041120170124110241.0 aA-352299 c€ 5.95a0862835003 aA-352299 bCen Lib/Ret aDPLbEN a915.41bGHO aGhosh, Laeila aGanga /cby Leila Ghosh [and] Dalia Roy bBombayaWolrd Marketing Right with Indian Books c1986 bBombaya412 Tulsani Chambers, 212 Bachbay Reclamation, Nariman Point e400021 avarios pagings c26cm(Hb)bill. a Ganges River (India and Bangladesh) -- Pictorial works aRoy, Dalia